Setting up in Japan
Gardado en:
| Formato: | Libro |
|---|---|
| Idioma: | Undetermined |
| Publicado: |
Tokyo
Dai-Ichi Kangyo Bank
1973
|
| Những chủ đề: | |
| Các nhãn: |
Engadir etiqueta
Sen Etiquetas, Sexa o primeiro en etiquetar este rexistro!
|
| Thư viện lưu trữ: | Trung tâm Học liệu Trường Đại học Cần Thơ |
|---|
| LEADER | 00483nam a2200169Ia 4500 | ||
|---|---|---|---|
| 001 | CTU_77819 | ||
| 008 | 210402s9999 xx 000 0 und d | ||
| 082 | |a 332.6 | ||
| 082 | |b S495 | ||
| 245 | 0 | |a Setting up in Japan | |
| 260 | |a Tokyo | ||
| 260 | |b Dai-Ichi Kangyo Bank | ||
| 260 | |c 1973 | ||
| 650 | |a Corporations, foreign,Foreign exchange,Investments, foreign | ||
| 650 | |x Law and legislation | ||
| 650 | |z Japan,Japan | ||
| 980 | |a Trung tâm Học liệu Trường Đại học Cần Thơ | ||